[Event "MMM"]
[Site "Galaxy Gesia 22a - Krakow"]
[Date "2022.06.17"]
[Round "3.24"]
[White "Rosol, Philip"]
[Black "Ten Have, Roland"]
[Result "0-1"]
[BlackElo "1957"]
[WhiteElo "1761"]
[LiveChessVersion "1.4.8"]

1. d4 {[%clk 1:30:58]} f5 {[%clk 1:29:09]} 2. c4 {[%clk 1:31:23]} e6
{[%clk 1:29:31]} 3. g3 {[%clk 1:28:46]} d5 {[%clk 1:29:22]} 4. cxd5
{[%clk 1:27:08]} exd5 {[%clk 1:29:34]} 5. Nf3 {[%clk 1:26:38]} Bd6
{[%clk 1:29:14]} 6. Nc3 {[%clk 1:24:15]} c6 {[%clk 1:29:14]} 7. Bf4
{[%clk 1:13:19]} Nf6 {[%clk 1:28:49]} 8. e3 {[%clk 1:12:19]} O-O {[%clk 1:28:10]}
9. Ne5 {[%clk 1:04:40]} Ne4 {[%clk 1:22:38]} 10. Nxe4 {[%clk 1:04:44]} fxe4
{[%clk 1:22:56]} 11. f3 {[%clk 0:36:02]} g5 {[%clk 1:18:51]} 12. h4
{[%clk 0:32:16]} gxf4 {[%clk 1:18:47]} 13. gxf4 {[%clk 0:32:36]} Bf5
{[%clk 1:13:39]} 14. fxe4 {[%clk 0:30:26]} Bxe4 {[%clk 1:13:54]} 15. Qg4+
{[%clk 0:24:18]} Kh8 {[%clk 1:13:14]} 16. Rg1 {[%clk 0:13:25]} Qe7
{[%clk 1:03:39]} 17. h5 {[%clk 0:12:49]} Bxe5 {[%clk 1:01:21]} 18. dxe5
{[%clk 0:12:42]} Nd7 {[%clk 1:00:37]} 19. Bg2 {[%clk 0:12:21]} Rg8
{[%clk 0:58:21]} 20. Qe2 {[%clk 0:11:52]} Nc5 {[%clk 0:49:13]} 21. O-O-O
{[%clk 0:11:22]} Nb3+ {[%clk 0:41:14]} 22. axb3 {[%clk 0:11:37]} Qc5+
{[%clk 0:41:24]} 23. Kd2 {[%clk 0:11:50]} Qa5+ {[%clk 0:40:40]} 24. Kc1
{[%clk 0:11:41]} Qa1+ {[%clk 0:40:54]} 25. Kd2 {[%clk 0:12:08]} Qxb2+
{[%clk 0:41:16]} 26. Ke1 {[%clk 0:12:35]} Qxe2+ {[%clk 0:41:27]} 27. Kxe2
{[%clk 0:12:59]} Rxg2+ {[%clk 0:41:36]} 28. Rxg2 {[%clk 0:13:25]} Bxg2
{[%clk 0:42:00]} 29. Rg1 {[%clk 0:13:51]} Bh3 {[%clk 0:41:24]} 30. h6
{[%clk 0:13:56]} Rg8 {[%clk 0:41:36]} 31. Ra1 {[%clk 0:14:11]} a6
{[%clk 0:41:49]} 32. Rh1 {[%clk 0:14:32]} Bf5 {[%clk 0:41:34]} 33. Kf2
{[%clk 0:14:48]} Rg6 {[%clk 0:38:01]} 34. e4 {[%clk 0:14:51]} Bxe4
{[%clk 0:33:53]} 35. Rh5 {[%clk 0:15:06]} Rg4 {[%clk 0:32:19]} 36. Ke3
{[%clk 0:15:16]} Rg3+ {[%clk 0:31:40]} 37. Kd4 {[%clk 0:15:40]} Bg6
{[%clk 0:29:18]} 38. Rh2 {[%clk 0:15:29]} Kg8 {[%clk 0:29:10]} 39. Kc5
{[%clk 0:15:42]} Kf7 {[%clk 0:28:48]} 40. Kd6 {[%clk 0:15:50]} Re3
{[%clk 0:27:51]} 41. Rf2 {[%clk 0:15:58]} Bf5 {[%clk 0:24:45]} 42. Rg2
{[%clk 0:16:19]} Rh3 {[%clk 0:24:42]} 43. Rg7+ {[%clk 0:16:25]} Kf8
{[%clk 0:24:31]} 44. Rxb7 {[%clk 0:16:23]} Rxh6+ {[%clk 0:24:53]} 45. Kc5
{[%clk 0:16:28]} Re6 {[%clk 0:24:30]} 46. Ra7 {[%clk 0:15:45]} h5
{[%clk 0:24:33]} 47. Rxa6 {[%clk 0:15:07]} h4 {[%clk 0:24:53]} 48. Ra8+
{[%clk 0:14:42]} Kg7 {[%clk 0:25:17]} 49. b4 {[%clk 0:13:14]} h3 {[%clk 0:25:19]}
50. Ra2 {[%clk 0:13:24]} Rh6 {[%clk 0:25:16]} 51. Rh2 {[%clk 0:13:47]} Kf7
{[%clk 0:25:32]} 52. b5 {[%clk 0:13:56]} cxb5 {[%clk 0:25:41]} 53. Kxb5
{[%clk 0:13:15]} d4 {[%clk 0:25:32]} 54. Kc4 {[%clk 0:13:37]} d3 {[%clk 0:25:53]}
55. Kc3 {[%clk 0:14:04]} Rc6+ {[%clk 0:26:12]} 56. Kd4 {[%clk 0:13:46]} Rc2
{[%clk 0:26:27]} 57. Rh1 {[%clk 0:14:12]} d2 {[%clk 0:26:23]} 58. e6+
{[%clk 0:14:29]} Kxe6 {[%clk 0:26:16]} 59. Re1+ {[%clk 0:14:13]} dxe1=B 0-1

[Event "MMM"]
[Site "Galaxy Gesia 22a - Krakow"]
[Date "2022.06.17"]
[Round "3.25"]
[White "Czarnecka, Lidia"]
[Black "Pietrzak, Wojciech"]
[Result "1/2-1/2"]
[BlackElo "1773"]
[WhiteElo "1940"]
[LiveChessVersion "1.4.8"]

1. e4 {[%clk 1:30:55]} e6 {[%clk 1:30:45]} 2. d4 {[%clk 1:30:22]} d5
{[%clk 1:31:07]} 3. e5 {[%clk 1:30:18]} c5 {[%clk 1:31:22]} 4. c3
{[%clk 1:30:09]} Nc6 {[%clk 1:31:32]} 5. Nf3 {[%clk 1:30:30]} f6 {[%clk 1:31:00]}
6. exf6 {[%clk 1:28:13]} Nxf6 {[%clk 1:30:55]} 7. Bd3 {[%clk 1:27:55]} Qc7
{[%clk 1:28:33]} 8. O-O {[%clk 1:26:32]} Bd7 {[%clk 1:28:13]} 9. Na3
{[%clk 1:21:47]} a6 {[%clk 1:26:55]} 10. Re1 {[%clk 1:20:44]} c4 {[%clk 1:21:49]}
11. Bb1 {[%clk 1:19:44]} O-O-O {[%clk 1:21:21]} 12. Ne5 {[%clk 1:18:36]} Nxe5
{[%clk 1:20:37]} 13. dxe5 {[%clk 1:19:04]} Ne4 {[%clk 1:19:37]} 14. Bxe4
{[%clk 1:12:29]} dxe4 {[%clk 1:19:59]} 15. Qd4 {[%clk 1:09:54]} Bc6
{[%clk 1:16:09]} 16. Qxc4 {[%clk 1:09:54]} Qxe5 {[%clk 1:16:19]} 17. Be3
{[%clk 1:09:22]} Bd6 {[%clk 1:13:15]} 18. g3 {[%clk 1:09:45]} Qf5
{[%clk 1:12:02]} 19. Nc2 {[%clk 1:09:24]} Qd5 {[%clk 1:09:47]} 20. Qxd5
{[%clk 1:06:51]} exd5 {[%clk 1:09:36]} 21. Rad1 {[%clk 1:06:20]} Rd7
{[%clk 1:04:46]} 22. Rd2 {[%clk 1:05:34]} Bc7 {[%clk 1:04:30]} 23. Red1
{[%clk 1:05:30]} h6 {[%clk 1:04:35]} 24. Nd4 {[%clk 1:03:49]} Be5
{[%clk 1:02:55]} 25. Ne6 {[%clk 1:01:27]} Re8 {[%clk 1:02:26]} 26. Nc5
{[%clk 1:01:51]} Rf7 {[%clk 1:01:34]} 27. Kg2 {[%clk 1:01:04]} Rf3
{[%clk 0:58:54]} 28. Nb3 {[%clk 0:59:26]} g5 {[%clk 0:55:58]} 29. Na5
{[%clk 0:58:22]} Rg8 {[%clk 0:51:05]} 30. Nxc6 {[%clk 0:54:55]} bxc6
{[%clk 0:51:33]} 31. c4 {[%clk 0:55:15]} dxc4 {[%clk 0:51:52]} 32. Rc1
{[%clk 0:55:37]} c3 {[%clk 0:52:12]} 33. bxc3 {[%clk 0:55:31]} Bf4
{[%clk 0:49:26]} 34. Bxf4 {[%clk 0:42:08]} gxf4 {[%clk 0:49:49]} 35. Rd6
{[%clk 0:35:06]} fxg3 {[%clk 0:50:01]} 36. hxg3 {[%clk 0:34:33]} Rgf8
{[%clk 0:49:10]} 37. Rc2 {[%clk 0:34:11]} R3f6 {[%clk 0:47:50]} 38. Rd4
{[%clk 0:26:11]} Re8 {[%clk 0:47:05]} 39. Re2 {[%clk 0:24:48]} Rfe6
{[%clk 0:46:52]} 40. Ra4 {[%clk 0:22:57]} c5 {[%clk 0:45:12]} 41. g4
{[%clk 0:19:43]} Kb7 {[%clk 0:43:55]} 42. Kg3 {[%clk 0:19:36]} Kb6
{[%clk 0:40:09]} 43. Rb2+ {[%clk 0:18:43]} Kc7 {[%clk 0:40:13]} 44. Re2
{[%clk 0:17:40]} Kb6 {[%clk 0:40:02]} 45. Rb2+ {[%clk 0:15:36]} Kc7
{[%clk 0:40:22]} 46. Rc4 {[%clk 0:15:56]} Kc6 {[%clk 0:38:43]} 47. Ra4
{[%clk 0:16:02]} 1/2-1/2

[Event "MMM"]
[Site "Galaxy Gesia 22a - Krakow"]
[Date "2022.06.17"]
[Round "3.26"]
[White "Kuciel, Wladyslaw"]
[Black "Bukala, Weronika"]
[Result "1-0"]
[BlackElo "1747"]
[WhiteElo "1930"]
[LiveChessVersion "1.4.8"]

1. d4 {[%clk 1:25:38]} d5 {[%clk 1:30:43]} 2. c4 {[%clk 1:25:59]} e6
{[%clk 1:31:08]} 3. Nf3 {[%clk 1:26:05]} a6 {[%clk 1:29:44]} 4. e3
{[%clk 1:23:30]} Nf6 {[%clk 1:29:44]} 5. Nc3 {[%clk 1:23:09]} Nbd7
{[%clk 1:26:30]} 6. cxd5 {[%clk 1:21:52]} exd5 {[%clk 1:26:47]} 7. Bd3
{[%clk 1:21:51]} Bd6 {[%clk 1:26:51]} 8. O-O {[%clk 1:20:44]} O-O
{[%clk 1:26:51]} 9. b3 {[%clk 1:17:18]} b6 {[%clk 1:26:20]} 10. Bb2
{[%clk 1:13:45]} Bb7 {[%clk 1:25:36]} 11. g3 {[%clk 0:59:01]} Ne4
{[%clk 1:15:42]} 12. Nh4 {[%clk 0:55:34]} f5 {[%clk 1:05:42]} 13. Ne2
{[%clk 0:52:07]} g5 {[%clk 0:55:34]} 14. Ng2 {[%clk 0:50:43]} g4 {[%clk 0:54:58]}
15. Nef4 {[%clk 0:50:22]} Ng5 {[%clk 0:54:37]} 16. Nh4 {[%clk 0:46:49]} Bxf4
{[%clk 0:52:14]} 17. exf4 {[%clk 0:47:07]} Nh3+ {[%clk 0:43:43]} 18. Kh1
{[%clk 0:47:16]} h5 {[%clk 0:34:47]} 19. Bxf5 {[%clk 0:46:35]} Rxf5
{[%clk 0:30:10]} 20. Nxf5 {[%clk 0:46:58]} Qf6 {[%clk 0:29:19]} 21. Nh4
{[%clk 0:42:53]} Qe6 {[%clk 0:22:53]} 22. f3 {[%clk 0:41:00]} Re8
{[%clk 0:21:01]} 23. Bc3 {[%clk 0:33:36]} a5 {[%clk 0:19:25]} 24. Qc2
{[%clk 0:33:04]} gxf3 {[%clk 0:18:59]} 25. Rfe1 {[%clk 0:31:06]} Qe4
{[%clk 0:14:55]} 26. Rxe4 {[%clk 0:31:01]} dxe4 {[%clk 0:15:06]} 27. d5
{[%clk 0:31:24]} Nc5 {[%clk 0:10:59]} 28. Nxf3 {[%clk 0:29:09]} Nd3
{[%clk 0:11:02]} 29. Kg2 {[%clk 0:26:17]} Nhf2 {[%clk 0:08:41]} 30. Ne5
{[%clk 0:25:44]} Bxd5 {[%clk 0:08:07]} 31. Qe2 {[%clk 0:22:55]} Nxe5
{[%clk 0:01:56]} 32. fxe5 {[%clk 0:22:12]} e3+ {[%clk 0:01:01]} 33. Kf1
{[%clk 0:21:58]} Ng4 {[%clk 0:00:41]} 34. h3 Rf8+ {[%clk 0:00:49]} 35. Ke1
{[%clk 0:20:57]} Nf2 {[%clk 0:01:09]} 36. Qxe3 1-0

[Event "MMM"]
[Site "Galaxy Gesia 22a - Krakow"]
[Date "2022.06.17"]
[Round "3.27"]
[White "Zamekhovskiy, Yevgen"]
[Black "Rylski, Tadeusz"]
[Result "1/2-1/2"]
[BlackElo "1715"]
[WhiteElo "1926"]
[LiveChessVersion "1.4.8"]

1. d4 {[%clk 1:30:54]} d5 {[%clk 1:26:49]} 2. c4 {[%clk 1:31:12]} c6
{[%clk 1:26:17]} 3. Nf3 {[%clk 1:31:14]} e6 {[%clk 1:26:26]} 4. g3
{[%clk 1:31:31]} Nf6 {[%clk 1:23:18]} 5. Bg2 {[%clk 1:31:49]} dxc4
{[%clk 1:19:47]} 6. a4 {[%clk 1:30:23]} c5 {[%clk 1:16:39]} 7. O-O
{[%clk 1:29:41]} Nc6 {[%clk 1:15:58]} 8. e3 {[%clk 1:29:51]} Be7 {[%clk 1:13:36]}
9. Na3 {[%clk 1:28:59]} cxd4 {[%clk 1:10:40]} 10. exd4 {[%clk 1:29:13]} Nd5
{[%clk 1:08:08]} 11. Nxc4 {[%clk 1:29:20]} b6 {[%clk 1:05:25]} 12. b3
{[%clk 1:28:18]} Bb7 {[%clk 1:02:20]} 13. Bb2 {[%clk 1:28:45]} O-O
{[%clk 1:02:10]} 14. Rc1 {[%clk 1:28:50]} Rc8 {[%clk 1:00:31]} 15. Nfe5
{[%clk 1:26:05]} a6 {[%clk 0:55:42]} 16. Qe2 {[%clk 1:20:25]} Bg5
{[%clk 0:46:06]} 17. f4 {[%clk 1:20:19]} Bf6 {[%clk 0:43:02]} 18. Rfd1
{[%clk 1:18:45]} Nce7 {[%clk 0:41:16]} 19. Nd2 {[%clk 0:57:18]} Nf5
{[%clk 0:37:02]} 20. Rxc8 {[%clk 0:57:28]} Qxc8 {[%clk 0:36:27]} 21. Rc1
{[%clk 0:57:52]} Qa8 {[%clk 0:34:22]} 22. Nf1 {[%clk 0:50:33]} Rc8
{[%clk 0:32:53]} 23. Qf2 {[%clk 0:45:12]} Be7 {[%clk 0:29:07]} 24. Rxc8+
{[%clk 0:41:27]} Qxc8 {[%clk 0:29:28]} 25. g4 {[%clk 0:41:47]} Nd6
{[%clk 0:27:08]} 26. Ng3 {[%clk 0:40:29]} Nf6 {[%clk 0:22:38]} 27. Qe2
{[%clk 0:35:00]} Bxg2 {[%clk 0:22:29]} 28. Qxg2 {[%clk 0:31:25]} Nd5
{[%clk 0:22:01]} 29. Qd2 {[%clk 0:30:46]} b5 {[%clk 0:21:06]} 30. axb5
{[%clk 0:28:29]} Nxb5 31. Ne2 {[%clk 0:26:35]} Bb4 {[%clk 0:19:25]} 32. Qd3
{[%clk 0:26:57]} Qc7 {[%clk 0:18:00]} 33. Qc4 {[%clk 0:25:25]} Bd2
{[%clk 0:15:43]} 34. f5 {[%clk 0:19:57]} Be3+ {[%clk 0:14:03]} 35. Kg2
{[%clk 0:19:25]} Qb7 {[%clk 0:12:54]} 36. Qc6 {[%clk 0:18:38]} Qxc6
{[%clk 0:12:08]} 37. Nxc6 {[%clk 0:19:05]} exf5 {[%clk 0:12:23]} 38. gxf5
{[%clk 0:19:31]} Nd6 {[%clk 0:12:04]} 39. Kf3 {[%clk 0:19:15]} Bd2
{[%clk 0:11:41]} 40. Ng3 {[%clk 0:19:05]} f6 {[%clk 0:11:37]} 41. Ne4
{[%clk 0:18:52]} Bf4 {[%clk 0:06:14]} 42. Nxd6 {[%clk 0:18:37]} Bxd6
{[%clk 0:06:36]} 43. Ke4 {[%clk 0:19:03]} Nc7 {[%clk 0:06:07]} 44. h3
{[%clk 0:17:50]} g6 {[%clk 0:06:20]} 45. d5 {[%clk 0:17:36]} Kf7 {[%clk 0:05:52]}
46. Nd8+ {[%clk 0:15:51]} Ke7 {[%clk 0:06:13]} 47. Nc6+ {[%clk 0:12:45]} Kf7
{[%clk 0:06:42]} 48. Nd8+ {[%clk 0:13:10]} Ke7 {[%clk 0:07:03]} 49. Nc6+
{[%clk 0:13:36]} 1/2-1/2

[Event "MMM"]
[Site "Galaxy Gesia 22a - Krakow"]
[Date "2022.06.17"]
[Round "3.28"]
[White "Budkiewicz, Magdalena"]
[Black "Rainer, Piotr"]
[Result "1/2-1/2"]
[BlackElo "1671"]
[WhiteElo "1923"]
[LiveChessVersion "1.4.8"]

1. e4 {[%clk 1:30:58]} c5 {[%clk 1:30:52]} 2. Nf3 {[%clk 1:30:45]} Nc6
{[%clk 1:30:29]} 3. d4 {[%clk 1:30:46]} cxd4 {[%clk 1:30:38]} 4. Nxd4
{[%clk 1:31:07]} e5 {[%clk 1:30:40]} 5. Nb5 {[%clk 1:29:55]} d6 {[%clk 1:30:18]}
6. N1c3 {[%clk 1:29:49]} a6 {[%clk 1:30:24]} 7. Na3 {[%clk 1:30:01]} b5
{[%clk 1:30:36]} 8. Nd5 {[%clk 1:29:57]} Nce7 {[%clk 1:30:49]} 9. Be2
{[%clk 1:24:04]} Nxd5 {[%clk 1:27:08]} 10. Qxd5 {[%clk 1:24:07]} Be6
{[%clk 1:26:40]} 11. Qd3 {[%clk 1:24:03]} Nf6 {[%clk 1:24:19]} 12. Bg5
{[%clk 1:22:50]} Be7 {[%clk 1:21:05]} 13. O-O {[%clk 1:18:00]} O-O
{[%clk 1:19:21]} 14. Rfd1 {[%clk 1:12:27]} Rc8 {[%clk 1:11:42]} 15. c3
{[%clk 1:11:57]} Ne8 {[%clk 1:09:23]} 16. Bxe7 {[%clk 1:10:54]} Qxe7
{[%clk 1:09:37]} 17. Nc2 {[%clk 1:09:33]} f5 {[%clk 1:03:04]} 18. Ne3
{[%clk 0:57:49]} fxe4 {[%clk 1:00:16]} 19. Qxe4 {[%clk 0:58:08]} Nf6
{[%clk 0:58:58]} 20. Qh4 {[%clk 0:53:03]} Rcd8 {[%clk 0:54:28]} 21. Bg4
{[%clk 0:26:45]} Bxg4 {[%clk 0:48:30]} 22. Nxg4 {[%clk 0:27:06]} Qe6
{[%clk 0:45:14]} 23. Nxf6+ {[%clk 0:25:21]} Rxf6 {[%clk 0:41:56]} 24. Rd2
{[%clk 0:20:59]} Rdf8 {[%clk 0:36:33]} 25. Qe4 {[%clk 0:16:00]} Qc4
{[%clk 0:26:12]} 26. Qe3 {[%clk 0:09:30]} Rg6 {[%clk 0:14:41]} 27. Qd3
{[%clk 0:07:30]} Qxd3 {[%clk 0:12:07]} 28. Rxd3 {[%clk 0:07:53]} Kf7
{[%clk 0:12:21]} 29. Rad1 {[%clk 0:06:41]} Ke7 {[%clk 0:11:42]} 30. f3
{[%clk 0:04:55]} Re6 {[%clk 0:08:24]} 31. Kf2 {[%clk 0:02:56]} Kd7
{[%clk 0:05:11]} 32. Ke3 {[%clk 0:02:57]} Kc6 {[%clk 0:04:46]} 33. Rd5
{[%clk 0:02:21]} Rff6 {[%clk 0:04:04]} 34. a4 {[%clk 0:01:47]} Rf7
{[%clk 0:03:11]} 35. a5 {[%clk 0:01:43]} Rc7 {[%clk 0:01:49]} 36. b4
{[%clk 0:00:36]} Kd7 {[%clk 0:01:24]} 37. R5d3 {[%clk 0:00:43]} Rc4
{[%clk 0:00:52]} 38. Kd2 {[%clk 0:01:03]} e4 {[%clk 0:00:40]} 39. Rd4
{[%clk 0:00:52]} Rxd4+ {[%clk 0:00:46]} 40. cxd4 {[%clk 0:01:17]} exf3
{[%clk 0:00:55]} 41. gxf3 {[%clk 0:01:42]} Rh6 {[%clk 0:01:00]} 42. Rh1
{[%clk 0:02:07]} Kc6 {[%clk 0:01:22]} 43. Kd3 {[%clk 0:01:53]} Kd5
{[%clk 0:00:41]} 44. Rg1 {[%clk 0:01:48]} g6 {[%clk 0:00:38]} 45. Rg5+
{[%clk 0:01:35]} Ke6 {[%clk 0:00:53]} 46. Rg2 {[%clk 0:01:51]} Rh4
{[%clk 0:00:44]} 47. Rf2 {[%clk 0:00:36]} Kd5 {[%clk 0:01:03]} 48. f4
{[%clk 0:00:57]} Rh3+ {[%clk 0:01:19]} 49. Kc2 {[%clk 0:01:21]} Kxd4
{[%clk 0:01:03]} 50. Rd2+ {[%clk 0:01:47]} Kc4 {[%clk 0:01:19]} 51. Rxd6
{[%clk 0:02:13]} Rxh2+ {[%clk 0:01:12]} 52. Kb1 {[%clk 0:01:56]} Kb3
{[%clk 0:01:20]} 53. Kc1 {[%clk 0:02:21]} Kxb4 {[%clk 0:01:27]} 54. Rxa6
{[%clk 0:02:46]} Ra2 {[%clk 0:01:14]} 55. Ra7 {[%clk 0:03:12]} Rxa5
{[%clk 0:01:19]} 56. Rxh7 {[%clk 0:03:36]} Ra2 {[%clk 0:00:52]} 57. Rg7
{[%clk 0:03:25]} Rf2 {[%clk 0:00:58]} 58. Rxg6 {[%clk 0:03:38]} Rxf4
{[%clk 0:01:24]} 59. Rg3 {[%clk 0:03:54]} Rf2 {[%clk 0:00:46]} 60. Rg4+
{[%clk 0:01:38]} Ka3 {[%clk 0:00:45]} 61. Rg3+ {[%clk 0:02:02]} Ka2
{[%clk 0:00:34]} 62. Rg4 {[%clk 0:01:59]} Rf3 {[%clk 0:00:37]} 63. Kc2
{[%clk 0:01:29]} Ka3 {[%clk 0:00:42]} 64. Rg7 {[%clk 0:01:28]} Rf2+
{[%clk 0:00:59]} 65. Kc1 {[%clk 0:00:49]} b4 {[%clk 0:01:01]} 66. Ra7+
{[%clk 0:01:11]} Kb3 {[%clk 0:01:08]} 67. Rb7 {[%clk 0:01:19]} Rf1+
{[%clk 0:00:40]} 68. Kd2 {[%clk 0:01:43]} Ra1 {[%clk 0:00:39]} 69. Rb8
{[%clk 0:01:56]} Ra4 {[%clk 0:00:40]} 70. Kc1 {[%clk 0:02:01]} Ka2
{[%clk 0:00:51]} 71. Kc2 {[%clk 0:02:10]} b3+ {[%clk 0:00:36]} 72. Rxb3
{[%clk 0:02:32]} 1/2-1/2

[Event "MMM"]
[Site "Galaxy Gesia 22a - Krakow"]
[Date "2022.06.17"]
[Round "4.1"]
[White "Chylewski, Patryk"]
[Black "Lewtak, Damian"]
[Result "0-1"]
[BlackElo "2388"]
[WhiteElo "2302"]
[LiveChessVersion "1.4.8"]

1. d4 {[%clk 1:30:58]} d5 {[%clk 1:30:55]} 2. c4 {[%clk 1:31:24]} c6
{[%clk 1:31:19]} 3. cxd5 {[%clk 1:31:50]} cxd5 {[%clk 1:31:44]} 4. Bf4
{[%clk 1:32:17]} Nc6 {[%clk 1:31:58]} 5. e3 {[%clk 1:32:32]} Nf6 {[%clk 1:32:06]}
6. Nc3 {[%clk 1:32:43]} Bf5 {[%clk 1:26:59]} 7. Nf3 {[%clk 1:32:54]} Qb6
{[%clk 1:24:00]} 8. Bb5 {[%clk 1:21:12]} e6 {[%clk 1:19:34]} 9. O-O
{[%clk 1:21:09]} Ne4 {[%clk 1:08:17]} 10. Rc1 {[%clk 1:00:58]} Nxc3
{[%clk 0:54:21]} 11. Bxc6+ {[%clk 1:00:47]} bxc6 {[%clk 0:53:03]} 12. Rxc3
{[%clk 0:59:12]} Qxb2 {[%clk 0:53:09]} 13. Rxc6 {[%clk 0:55:15]} Bb4
{[%clk 0:53:08]} 14. Qc1 {[%clk 0:50:07]} Qxc1 {[%clk 0:50:38]} 15. Rfxc1
{[%clk 0:50:30]} O-O {[%clk 0:49:31]} 16. Bd6 {[%clk 0:49:19]} Bxd6
{[%clk 0:48:55]} 17. Rxd6 {[%clk 0:49:38]} Rfc8 {[%clk 0:43:01]} 18. Rdc6
{[%clk 0:36:51]} Rxc6 {[%clk 0:41:02]} 19. Rxc6 {[%clk 0:36:18]} Rb8
{[%clk 0:39:52]} 20. h3 {[%clk 0:35:42]} f6 {[%clk 0:16:12]} 21. Ra6
{[%clk 0:30:50]} Rb1+ {[%clk 0:12:38]} 22. Kh2 {[%clk 0:29:02]} Rb7
{[%clk 0:13:05]} 23. Kg3 {[%clk 0:26:59]} Kf7 {[%clk 0:13:09]} 24. Nd2
{[%clk 0:23:57]} Bc2 {[%clk 0:13:09]} 25. h4 {[%clk 0:21:38]} Ke7
{[%clk 0:09:47]} 26. Kf4 {[%clk 0:15:46]} Bd1 {[%clk 0:07:24]} 27. e4
{[%clk 0:14:27]} Be2 {[%clk 0:07:06]} 28. Ra5 {[%clk 0:06:46]} dxe4
{[%clk 0:05:07]} 29. Nxe4 {[%clk 0:06:55]} a6 {[%clk 0:05:24]} 30. Ke3
{[%clk 0:05:27]} Bf1 {[%clk 0:04:30]} 31. g3 {[%clk 0:03:38]} Bb5
{[%clk 0:03:24]} 32. a4 {[%clk 0:03:24]} Bc4 {[%clk 0:01:44]} 33. Nd2
{[%clk 0:03:47]} Bd5 {[%clk 0:00:49]} 34. Rxa6 {[%clk 0:04:12]} f5
{[%clk 0:00:43]} 35. a5 {[%clk 0:03:14]} Rb2 {[%clk 0:00:52]} 36. Ra7+
{[%clk 0:01:15]} Kf6 {[%clk 0:01:18]} 37. Rc7 {[%clk 0:01:18]} Ra2
{[%clk 0:01:29]} 38. Rc5 {[%clk 0:01:42]} g6 {[%clk 0:01:25]} 39. Nb1
{[%clk 0:01:48]} Ra1 {[%clk 0:00:41]} 40. Nc3 {[%clk 0:02:05]} Ba8
{[%clk 0:00:47]} 41. Kd3 {[%clk 0:02:01]} Bb7 {[%clk 0:00:37]} 42. Kd2
{[%clk 0:01:13]} h6 {[%clk 0:00:52]} 43. Rc7 {[%clk 0:01:04]} Bg2
{[%clk 0:00:46]} 44. Ra7 {[%clk 0:01:06]} g5 {[%clk 0:00:58]} 45. hxg5+
{[%clk 0:00:47]} hxg5 {[%clk 0:01:23]} 46. Ra6 {[%clk 0:00:42]} Ke7
{[%clk 0:01:36]} 47. Ra7+ {[%clk 0:00:45]} Kf6 {[%clk 0:02:02]} 48. Ke2
{[%clk 0:00:44]} Rc1 {[%clk 0:01:58]} 49. Kd2 {[%clk 0:00:47]} Ra1
{[%clk 0:01:53]} 50. f4 {[%clk 0:00:40]} g4 {[%clk 0:01:44]} 51. Ra6
{[%clk 0:00:39]} Ke7 {[%clk 0:01:52]} 52. Ra7+ {[%clk 0:00:51]} Kd6
{[%clk 0:01:20]} 53. Ra6+ {[%clk 0:00:45]} Kd7 {[%clk 0:01:23]} 54. Ke3
{[%clk 0:00:37]} Bc6 {[%clk 0:00:49]} 55. Ra7+ {[%clk 0:00:44]} Kd6
{[%clk 0:00:55]} 56. Kd2 {[%clk 0:00:35]} Rg1 {[%clk 0:00:48]} 57. a6
{[%clk 0:00:35]} Rxg3 {[%clk 0:00:40]} 58. Rg7 {[%clk 0:00:42]} Rg1
{[%clk 0:00:41]} 59. a7 {[%clk 0:00:33]} Ra1 {[%clk 0:00:48]} 60. Kd3
{[%clk 0:00:33]} Bd7 {[%clk 0:00:40]} 61. Rg6 {[%clk 0:00:33]} Rxa7
{[%clk 0:00:38]} 62. d5 {[%clk 0:00:49]} Rb7 {[%clk 0:00:43]} 63. dxe6
{[%clk 0:00:33]} Bxe6 {[%clk 0:00:54]} 64. Ne2 {[%clk 0:00:35]} Rb3+
{[%clk 0:00:38]} 65. Kd2 {[%clk 0:00:40]} Rb4 {[%clk 0:00:54]} 66. Kd3
{[%clk 0:00:52]} Re4 {[%clk 0:00:52]} 67. Nd4 {[%clk 0:00:37]} Kd5
{[%clk 0:01:11]} 68. Nb5 {[%clk 0:00:34]} Kc5 {[%clk 0:00:47]} 69. Nc3
{[%clk 0:00:32]} Bc4+ {[%clk 0:01:07]} 70. Kd2 {[%clk 0:00:58]} Rxf4
{[%clk 0:01:28]} 71. Nd1 {[%clk 0:01:08]} Kd4 {[%clk 0:01:31]} 72. Rd6+
{[%clk 0:01:23]} Ke5 {[%clk 0:01:16]} 73. Rg6 {[%clk 0:01:47]} Bf7
{[%clk 0:01:31]} 74. Ra6 {[%clk 0:02:06]} g3 {[%clk 0:01:19]} 75. Ne3
{[%clk 0:02:25]} g2 {[%clk 0:01:03]} 76. Ra5+ {[%clk 0:02:31]} Kf6
{[%clk 0:01:21]} 77. Ra1 {[%clk 0:02:49]} Rf2+ {[%clk 0:01:27]} 78. Kd3
{[%clk 0:03:13]} Bh5 {[%clk 0:01:45]} 79. Rg1 {[%clk 0:03:19]} Bf3
{[%clk 0:02:02]} 80. Nc4 {[%clk 0:03:31]} Rf1 {[%clk 0:02:11]} 0-1

[Event "MMM"]
[Site "Galaxy Gesia 22a - Krakow"]
[Date "2022.06.17"]
[Round "4.2"]
[White "Lewicki, Miroslaw"]
[Black "Kowalski, Igor"]
[Result "0-1"]
[BlackElo "2356"]
[WhiteElo "2340"]
[LiveChessVersion "1.4.8"]

1. e4 {[%clk 1:30:57]} c6 {[%clk 1:30:58]} 2. d4 {[%clk 1:31:03]} d5
{[%clk 1:31:24]} 3. Nc3 {[%clk 1:31:06]} dxe4 {[%clk 1:31:50]} 4. Nxe4
{[%clk 1:31:27]} Bf5 {[%clk 1:32:16]} 5. Ng3 {[%clk 1:31:46]} Bg6
{[%clk 1:32:41]} 6. h4 {[%clk 1:32:08]} h6 {[%clk 1:33:08]} 7. h5
{[%clk 1:32:32]} Bh7 {[%clk 1:33:34]} 8. Nf3 {[%clk 1:32:54]} Nd7
{[%clk 1:33:59]} 9. Bd3 {[%clk 1:32:38]} Bxd3 {[%clk 1:34:24]} 10. Qxd3
{[%clk 1:33:00]} e6 {[%clk 1:34:49]} 11. Bf4 {[%clk 1:31:53]} Qa5+
{[%clk 1:35:07]} 12. Bd2 {[%clk 1:31:34]} Bb4 {[%clk 1:35:20]} 13. Ne4
{[%clk 1:30:28]} Bxd2+ {[%clk 1:30:05]} 14. Nfxd2 {[%clk 1:30:39]} Ngf6
{[%clk 1:28:26]} 15. Nd6+ {[%clk 1:29:21]} Ke7 {[%clk 1:28:50]} 16. Nxb7
{[%clk 1:25:20]} Qb4 {[%clk 1:29:12]} 17. Qb3 {[%clk 1:25:46]} Qxd4
{[%clk 1:25:06]} 18. O-O-O {[%clk 1:21:35]} Rab8 {[%clk 1:12:47]} 19. Qa3+
{[%clk 1:17:18]} c5 {[%clk 1:12:44]} 20. Nb3 {[%clk 0:59:56]} Qf4+
{[%clk 1:08:29]} 21. Rd2 {[%clk 1:00:21]} Ne4 {[%clk 1:03:36]} 22. g3
{[%clk 1:00:33]} Qc7 {[%clk 1:00:11]} 23. Rxd7+ {[%clk 1:00:00]} Kxd7
{[%clk 0:57:22]} 24. N7xc5+ {[%clk 0:50:43]} Nxc5 {[%clk 0:56:30]} 25. Nxc5+
{[%clk 0:49:49]} Ke8 {[%clk 0:56:06]} 26. Qa4+ {[%clk 0:50:12]} Ke7
{[%clk 0:56:31]} 27. Qh4+ {[%clk 0:50:36]} f6 {[%clk 0:53:42]} 28. Qg4
{[%clk 0:50:44]} Qxc5 {[%clk 0:35:46]} 29. Qxg7+ {[%clk 0:51:09]} Kd6
{[%clk 0:36:13]} 30. Rd1+ {[%clk 0:51:34]} Ke5 {[%clk 0:36:33]} 31. Qd7
{[%clk 0:45:42]} Qxf2 {[%clk 0:29:53]} 32. Qd6+ {[%clk 0:44:40]} Kf5
{[%clk 0:27:39]} 33. Qd3+ {[%clk 0:41:35]} Ke5 {[%clk 0:21:53]} 34. Rf1
{[%clk 0:38:38]} Qd4 {[%clk 0:17:18]} 35. Qe2+ {[%clk 0:33:36]} Qe4
{[%clk 0:16:56]} 36. Qf2 {[%clk 0:34:01]} Rhc8 {[%clk 0:15:30]} 37. Qxf6+
{[%clk 0:32:48]} Kd6 {[%clk 0:15:44]} 38. Rd1+ {[%clk 0:32:20]} Kc6
{[%clk 0:15:54]} 39. Qe7 {[%clk 0:31:42]} Qe3+ {[%clk 0:14:39]} 40. Kb1
{[%clk 0:32:07]} Rxb2+ {[%clk 0:14:13]} 41. Ka1 {[%clk 0:32:36]} Rb1+
{[%clk 0:14:05]} 42. Rxb1 {[%clk 0:32:50]} Qe5+ {[%clk 0:14:31]} 43. c3
{[%clk 0:32:50]} Qxc3+ {[%clk 0:14:57]} 44. Rb2 {[%clk 0:33:08]} Qe1+
{[%clk 0:15:20]} 45. Rb1 {[%clk 0:33:31]} Qe5+ {[%clk 0:15:47]} 46. Rb2
{[%clk 0:33:56]} Rb8 {[%clk 0:16:05]} 0-1